=LDR 00000nam 2200000 4500 =001 INLIS000000000809646 =008 ###################################ind## =035 ##$$a 0010-0825000139 =245 ##$$a Bebek Darat / $c Bambang =260 ##$$b SIC =020 ##$$a 9799415411 =084 ##$$a 641.3 ANG b =520 ##$$a Peternakan unggas. Ayam =082 ##$$a 641.3